00505nam a2200181 4500001000500000005001700005010000500022020001500027100002300042245007800065246003300143250001300176260004000189300001400229650003600243650002100279650002300300308720181127170444.000a00a007236414900aMaidment, Fred H. 00aAnnual editions : bHuman resources 00/01 /cFred H. Maidment, editor.h aHuman resources.bfhinp00a10th ed.00aGuilford, CT: bMcGraw-Hill,c2000.00ax, 229 p. aPersonnel management.vxyz200aHuman capital.x00aManpower policy.x